[Event "UKR-ch"]
[Site "Alushta"]
[Date "2010.05.05"]
[Round "3"]
[White "Petrova, Irina"]
[Black "Chernoukhov, Alexandr"]
[Result "1-0"]
[WhiteElo "2013"]
[BlackElo "1837"]
[PlyCount "143"]
[EventDate "2010.05.03"]
[EventType "swiss"]
[EventRounds "9"]
[EventCountry "UKR"]
[SourceTitle "CBM 136 Extra"]
[Source "ChessBase"]
[SourceDate "2010.07.02"]
[SourceVersion "2"]
[SourceVersionDate "2010.07.15"]
[SourceQuality "1"]

1. d4 Nf6 2. c4 c5 3. d5 b5 4. cxb5 a6 5. bxa6 Bxa6 6. Nc3 g6 7. Nf3 Bg7 8. g3 d6 9. Bg2 0-0 10. 0-0 Nbd7 11. Qc2 Qa5 12. Rd1 Rfb8 13. Bd2 Qb6 14. b3 Ra7 15. Rab1 Ng4 16. Be1 f5 17. e4 Nh6 18. Na4 Qc7 19. Bc3 Re8 20. Ng5 Nf8 21. Bh3 Bc8 22. Bxg7 Kxg7 23. Nc3 Bd7 24. Ne2 Rea8 25. Ra1 Qc8 26. Nf4 Ng4 27. exf5 Bxf5 28. Qe2 Nf6 29. Nge6+ Kg8 30. Bxf5 gxf5 31. Qd3 Ne4 32. f3 Nxe6 33. Nxe6 c4 34. Qe3 Nf6 35. bxc4 Qe8 36. Qg5+ Qg6 37. Qd2 Nd7 38. Nf4 Qf6 39. Nh5 Qg6 40. Nf4 Qf7 41. Qe2 Ne5 42. c5 Ra3 43. Rf1 Rc3 44. c6 Qe8 45. Rac1 Nxf3+ 46. Kh1 Nd4 47. Qb2 Rxc1 48. Rxc1 e5 49. dxe6 Nxc6 50. Qf6 Rxa2 51. Qf7+ Qxf7 52. exf7+ Kxf7 53. Rxc6 Rd2 54. Rc7+ Kg8 55. Nh5 h6 56. Ng7 Kh7 57. Nxf5+ Kg6 58. Ne3 Kf6 59. Rd7 Ke6 60. Rh7 d5 61. Rxh6+ Ke5 62. Rh5+ Ke4 63. Nxd5 Kf3 64. Rf5+ Ke4 65. Ne7 Rd7 66. Rf1 Rd2 67. Kg1 Ke5 68. Rf2 Rd1+ 69. Kg2 Ke6 70. Ng6 Kd7 71. h4 Rd6 72. h5 1-0

[Event "Alushta Autumn 3rd"]
[Site "Alushta"]
[Date "2008.09.21"]
[Round "10"]
[White "Chernoukhov, Alexandr"]
[Black "Kovalev, Andrei"]
[Result "0-1"]
[WhiteElo "1954"]
[BlackElo "2550"]
[PlyCount "92"]
[EventDate "2008.09.14"]
[EventType "tourn"]
[EventRounds "13"]
[EventCountry "UKR"]
[EventCategory "6"]
[SourceTitle "CBM 126 Extra"]
[Source "ChessBase"]
[SourceDate "2008.11.05"]
[SourceVersion "1"]
[SourceVersionDate "2008.11.05"]
[SourceQuality "1"]

1. d4 Nf6 2. c4 d6 3. Nc3 Nbd7 4. Bg5 h6 5. Bh4 g5 6. Bg3 Nh5 7. e3 Ndf6 8. Nd5 c6 9. Nxf6+ Nxf6 10. Bd3 Qa5+ 11. Qd2 Qxd2+ 12. Kxd2 Nh5 13. Ne2 Bg7 14. f3 Nxg3 15. Nxg3 h5 16. h4 g4 17. Be2 c5 18. Kd3 cxd4 19. exd4 f5 20. Rag1 e5 21. Re1 Kf7 22. fxg4 hxg4 23. Ref1 Kg6 24. d5 f4 25. h5+ Kh6 26. Ne4 Bf5 27. Bd1 Rhc8 28. b3 b5 29. Bc2 bxc4+ 30. bxc4 Bxe4+ 31. Kxe4 Rxc4+ 32. Kd3 Rac8 33. Bb3 Rd4+ 34. Ke2 Rc3 35. Rd1 Re3+ 36. Kf1 Rxb3 37. Rxd4 Rb1+ 38. Ke2 Rxh1 39. Rc4 Rh2 40. Kf1 f3 41. gxf3 gxf3 42. Ra4 Kxh5 43. Rxa7 Bh6 44. a4 e4 45. Re7 e3 46. Kg1 f2+ 0-1

[Event "Alushta Autumn 3rd"]
[Site "Alushta"]
[Date "2008.09.16"]
[Round "5"]
[White "Harutjunyan, Gevorg"]
[Black "Chernoukhov, Alexandr"]
[Result "1-0"]
[WhiteElo "2441"]
[BlackElo "1954"]
[PlyCount "39"]
[EventDate "2008.09.14"]
[EventType "tourn"]
[EventRounds "13"]
[EventCountry "UKR"]
[EventCategory "6"]
[SourceTitle "CBM 126 Extra"]
[Source "ChessBase"]
[SourceDate "2008.11.05"]
[SourceVersion "1"]
[SourceVersionDate "2008.11.05"]
[SourceQuality "1"]

1. e4 c5 2. Nc3 e6 3. Nf3 Nc6 4. d4 cxd4 5. Nxd4 a6 6. Be3 Nge7 7. Nb3 d6 8. h4 b5 9. Qd2 Bb7 10. f4 Qc7 11. Bxb5 Rd8 12. Ba4 Nc8 13. Nd5 exd5 14. exd5 Be7 15. dxc6 Ba8 16. Qa5 Qxa5+ 17. Nxa5 d5 18. c7+ Rd7 19. 0-0-0 Nd6 20. Bc5 1-0

[Event "Alushta Autumn 3rd"]
[Site "Alushta"]
[Date "2008.09.14"]
[Round "1"]
[White "Belikov, Vladimir"]
[Black "Chernoukhov, Alexandr"]
[Result "1-0"]
[WhiteElo "2536"]
[BlackElo "1954"]
[PlyCount "71"]
[EventDate "2008.09.14"]
[EventType "tourn"]
[EventRounds "13"]
[EventCountry "UKR"]
[EventCategory "6"]
[SourceTitle "CBM 126 Extra"]
[Source "ChessBase"]
[SourceDate "2008.11.05"]
[SourceVersion "1"]
[SourceVersionDate "2008.11.05"]
[SourceQuality "1"]

1. d4 Nf6 2. Nf3 e6 3. e3 b6 4. Bd3 Bb7 5. 0-0 d5 6. c4 Nbd7 7. cxd5 exd5 8. Nc3 Be7 9. b3 Ne4 10. Ne2 0-0 11. Ng3 f5 12. Bb2 g6 13. Qe2 Ndf6 14. Ne5 Nxg3 15. hxg3 Ne4 16. Rac1 c5 17. Rfd1 Bd6 18. dxc5 bxc5 19. Ba6 Qe7 20. Bxb7 Qxb7 21. Qd3 Bxe5 22. Bxe5 Rad8 23. Ba1 Qb6 24. Qc2 Rf7 25. Qb2 Nf6 26. Qc3 Qe6 27. Qxc5 Ne4 28. Qd4 Nf6 29. b4 Rb8 30. a3 h5 31. Rc5 Kh7 32. Rdc1 Qe4 33. Rc7 Kg8 34. Rxf7 Qxd4 35. Bxd4 Kxf7 36. Rc7+ 1-0

[Event "Alushta Autumn 1st"]
[Site "Alushta"]
[Date "2008.09.12"]
[Round "11"]
[White "Chernoukhov, Alexandr"]
[Black "Iljin, Timofey"]
[Result "0-1"]
[WhiteElo "1954"]
[BlackElo "2408"]
[PlyCount "24"]
[EventDate "2008.09.02"]
[EventType "tourn"]
[EventRounds "11"]
[EventCountry "UKR"]
[EventCategory "5"]
[SourceTitle "CBM 126 Extra"]
[Source "ChessBase"]
[SourceDate "2008.11.05"]
[SourceVersion "1"]
[SourceVersionDate "2008.11.05"]
[SourceQuality "1"]

1. e4 e5 2. Nf3 Nc6 3. Bc4 Nf6 4. Ng5 Bc5 5. Nxf7 Bxf2+ 6. Kxf2 Nxe4+ 7. Ke3 Qh4 8. Nxh8 Qf4+ 9. Kd3 Nf2+ 10. Kc3 Nxd1+ 11. Rxd1 Qd4+ 12. Kb3 Na5+ 0-1

[Event "Alushta Autumn 1st"]
[Site "Alushta"]
[Date "2008.09.10"]
[Round "9"]
[White "Chernoukhov, Alexandr"]
[Black "Ibrayev, Nurlan"]
[Result "0-1"]
[WhiteElo "1954"]
[BlackElo "2518"]
[PlyCount "62"]
[EventDate "2008.09.02"]
[EventType "tourn"]
[EventRounds "11"]
[EventCountry "UKR"]
[EventCategory "5"]
[SourceTitle "CBM 126 Extra"]
[Source "ChessBase"]
[SourceDate "2008.11.05"]
[SourceVersion "1"]
[SourceVersionDate "2008.11.05"]
[SourceQuality "1"]

1. d4 Nf6 2. Nc3 c5 3. d5 d6 4. Bg5 e5 5. e4 Be7 6. Bb5+ Nfd7 7. Be3 a6 8. Be2 Bg5 9. Qd2 Bxe3 10. Qxe3 b5 11. Bf3 Nb6 12. b3 b4 13. Nce2 a5 14. Ng3 a4 15. Be2 0-0 16. Nf3 axb3 17. cxb3 Re8 18. 0-0 Re7 19. Rfd1 Rea7 20. Qd2 N8d7 21. Nf5 Nf6 22. Ng3 Ra3 23. Rdc1 Qe7 24. h4 Qa7 25. Nf5 Nxe4 26. Nh6+ Kh8 27. Qe3 Nf6 28. Nxe5 dxe5 29. Qxc5 gxh6 30. Qf8+ Ng8 31. d6 Be6 0-1

[Event "Alushta Autumn 1st"]
[Site "Alushta"]
[Date "2008.09.09"]
[Round "8"]
[White "Belikov, Vladimir"]
[Black "Chernoukhov, Alexandr"]
[Result "1-0"]
[WhiteElo "2536"]
[BlackElo "1954"]
[PlyCount "65"]
[EventDate "2008.09.02"]
[EventType "tourn"]
[EventRounds "11"]
[EventCountry "UKR"]
[EventCategory "5"]
[SourceTitle "CBM 126 Extra"]
[Source "ChessBase"]
[SourceDate "2008.11.05"]
[SourceVersion "1"]
[SourceVersionDate "2008.11.05"]
[SourceQuality "1"]

1. d4 g6 2. e4 Bg7 3. Nc3 b6 4. Be3 Bb7 5. Qd2 e6 6. h4 d6 7. h5 Nd7 8. h6 Bf6 9. g4 c6 10. 0-0-0 Qc7 11. g5 Be7 12. d5 0-0-0 13. dxe6 fxe6 14. Bh3 e5 15. f4 Kb8 16. Nf3 exf4 17. Bxf4 Ne5 18. Nd4 Bc8 19. Bxc8 Qxc8 20. Qh2 Nf7 21. Qg3 Kb7 22. Rhf1 Rf8 23. a3 Qd7 24. Kb1 c5 25. Nf3 Qe6 26. e5 Rd8 27. Qg2 d5 28. Nxd5 Rxd5 29. Nh2 Qc6 30. Rxd5 Ka6 31. Qe2+ b5 32. Rfd1 c4 33. e6 1-0

[Event "Alushta Autumn 1st"]
[Site "Alushta"]
[Date "2008.09.05"]
[Round "4"]
[White "Chernoukhov, Alexandr"]
[Black "Petrosian, Davit Gevorgi"]
[Result "0-1"]
[WhiteElo "1954"]
[BlackElo "2460"]
[PlyCount "108"]
[EventDate "2008.09.02"]
[EventType "tourn"]
[EventRounds "11"]
[EventCountry "UKR"]
[EventCategory "5"]
[SourceTitle "CBM 126 Extra"]
[Source "ChessBase"]
[SourceDate "2008.11.05"]
[SourceVersion "1"]
[SourceVersionDate "2008.11.05"]
[SourceQuality "1"]

1. d4 Nf6 2. c4 g6 3. Nc3 Bg7 4. e4 d6 5. f4 0-0 6. Nf3 c5 7. dxc5 Qa5 8. Bd3 Qxc5 9. Qe2 Bg4 10. Be3 Qa5 11. 0-0 Nc6 12. Rac1 Nh5 13. Qf2 f5 14. exf5 Bxf5 15. Bxf5 Qxf5 16. g3 Nf6 17. Nd4 Qh3 18. Nxc6 bxc6 19. Qg2 Qe6 20. Qe2 Ng4 21. Nd1 Bd4 22. Re1 Nxe3 23. Nxe3 Qe4 24. Kf2 e5 25. Qc2 Qxc2+ 26. Rxc2 exf4 27. gxf4 Rxf4+ 28. Ke2 Re8 29. Kd3 Bc5 30. Rce2 Rd4+ 31. Kc3 Rde4 32. Kd3 Rxe3+ 33. Rxe3 Rxe3+ 34. Rxe3 Bxe3 35. Kxe3 c5 36. Ke4 Kf7 37. Kd5 Ke7 38. a3 a5 39. b3 g5 40. Ke4 Ke6 41. h3 h6 42. Kf3 Kf5 43. Kg3 h5 44. Kf3 h4 45. a4 g4+ 46. hxg4+ Kg5 47. Ke4 Kxg4 48. Kd5 h3 49. Kxd6 h2 50. Kxc5 h1Q 51. Kb6 Qb1 52. Kxa5 Qxb3 53. c5 Kf5 54. c6 Ke6 0-1

[Event "Alushta Autumn 1st"]
[Site "Alushta"]
[Date "2008.09.04"]
[Round "3"]
[White "Milutin, Roman"]
[Black "Chernoukhov, Alexandr"]
[Result "1/2-1/2"]
[WhiteElo "2244"]
[BlackElo "1954"]
[PlyCount "90"]
[EventDate "2008.09.02"]
[EventType "tourn"]
[EventRounds "11"]
[EventCountry "UKR"]
[EventCategory "5"]
[SourceTitle "CBM 126 Extra"]
[Source "ChessBase"]
[SourceDate "2008.11.05"]
[SourceVersion "1"]
[SourceVersionDate "2008.11.05"]
[SourceQuality "1"]

1. e4 c5 2. c3 Nf6 3. e5 Nd5 4. d4 cxd4 5. Nf3 Nc6 6. cxd4 d6 7. Bc4 dxe5 8. dxe5 e6 9. 0-0 Be7 10. Qe2 Nb6 11. Rd1 Qc7 12. Bb3 h6 13. Nc3 a6 14. Bf4 Bd7 15. Rac1 Rd8 16. Ne4 Qb8 17. Qe3 Qa7 18. a3 Nc8 19. Qc3 Qa8 20. Bc2 a5 21. Rd2 a4 22. Nc5 Nb6 23. Nxd7 Rxd7 24. Rxd7 Kxd7 25. Rd1+ Kc7 26. Nd4 Nd5 27. Qg3 Nxf4 28. Qxf4 Rf8 29. Bxa4 g5 30. Qe4 Nxd4 31. Qxd4 Rd8 32. Rc1+ Kb8 33. Qe4 Qa5 34. g3 Rd5 35. Rd1 Rxe5 36. Qd4 Re1+ 37. Rxe1 Qxe1+ 38. Kg2 Qa5 39. Bb3 Kc7 40. h3 Qb6 41. Qd3 Qc6+ 42. Kh2 f5 43. Qe2 Kd7 44. Qd3+ Bd6 45. Qd4 e5 1/2-1/2

[Event "UKR-ch sf"]
[Site "Alushta"]
[Date "2008.05.15"]
[Round "5"]
[White "Goreskul, Alyona"]
[Black "Chernoukhov, Alexandr"]
[Result "1-0"]
[WhiteElo "2244"]
[BlackElo "1923"]
[PlyCount "71"]
[EventDate "2008.05.10"]
[EventType "swiss"]
[EventRounds "9"]
[EventCountry "UKR"]
[SourceTitle "CBM 124 Extra"]
[Source "ChessBase"]
[SourceDate "2008.07.03"]
[SourceVersion "1"]
[SourceVersionDate "2008.07.03"]
[SourceQuality "1"]

1. e4 c5 2. c3 e6 3. d4 d5 4. e5 Nc6 5. Nf3 Bd7 6. a3 h6 7. h4 Qb6 8. b4 c4 9. a4 g6 10. h5 g5 11. Be2 a6 12. 0-0 Bg7 13. Qc2 Nge7 14. Nh2 f6 15. exf6 Bxf6 16. Ng4 Bg7 17. Nd2 e5 18. Nxe5 Nxe5 19. dxe5 Bxe5 20. Nf3 Bf6 21. Be3 Qc7 22. Nd4 Qe5 23. Rfe1 Nf5 24. Bg4 Ne7 25. Bd2 Qd6 26. Bxd7+ Kxd7 27. Nf5 Qc6 28. Nxe7 Bxe7 29. Qf5+ Kd8 30. Re6 Bd6 31. Rf6 Qd7 32. Qg6 Be7 33. Rf7 Kc7 34. Re1 Rae8 35. Qg7 Kd8 36. Rfxe7 1-0